The gold standard and its future (Record no. 552368)

000 -LEADER
fixed length control field 00338nam a22001217a 4500
082 ## - DEWEY DECIMAL CLASSIFICATION NUMBER
Classification number 332.4222
Author Mark GRE
-- ECG.1
100 ## - MAIN ENTRY--PERSONAL NAME
Personal name Gregory, T.E
9 (RLIN) 49580
245 ## - TITLE STATEMENT
Title The gold standard and its future
Statement of responsibility, etc. Gregory, T.E
260 ## - PUBLICATION, DISTRIBUTION, ETC.
Place of publication, distribution, etc. London
Name of publisher, distributor, etc. Methuen & Co ltd
Date of publication, distribution, etc. 1932
526 ## - STUDY PROGRAM INFORMATION NOTE
Program name 0
Interest level 0
Reading level 0
Title point value 332_422200000000000_GRE
650 ## - SUBJECT ADDED ENTRY--TOPICAL TERM
Topical term or geographic name entry element MCE
9 (RLIN) 379
942 ## - ADDED ENTRY ELEMENTS (KOHA)
Source of classification or shelving scheme
Koha item type Book
Holdings
Withdrawn status Lost status Source of classification or shelving scheme Damaged status Not for loan Permanent Location Current Location Date acquired Total Checkouts Full call number Barcode Date last seen Price effective from Koha item type
          Military College of Engineering (MCE) Military College of Engineering (MCE) 01/14/2015   332.4222 GRE MCE-ECG.1 01/14/2015 01/14/2015 Book
© 2023 Central Library, National University of Sciences and Technology. All Rights Reserved.